Taming the lion : (Record no. 283317)
[ view plain ]
| 000 -LEADER | |
|---|---|
| fixed length control field | 00453nam a2200145Ia 4500 |
| 008 - FIXED-LENGTH DATA ELEMENTS--GENERAL INFORMATION | |
| fixed length control field | 150223s9999 xx 000 0 und d |
| 020 ## - INTERNATIONAL STANDARD BOOK NUMBER | |
| International Standard Book Number | 8170947162 |
| 050 ## - LIBRARY OF CONGRESS CALL NUMBER | |
| Classification number | HG 4521 |
| Item number | .F231 2005 |
| 100 ## - MAIN ENTRY--PERSONAL NAME | |
| Personal name | Farleigh, Richard. |
| 245 ## - TITLE STATEMENT | |
| Title | Taming the lion : |
| Remainder of title | 100 secret strategies for investing / |
| Statement of responsibility, etc | Richard Farleigh. |
| 260 ## - PUBLICATION, DISTRIBUTION, ETC. (IMPRINT) | |
| Place of publication, distribution, etc | UK : |
| Name of publisher, distributor, etc | Harriman House Ltd., |
| Date of publication, distribution, etc | 2005 |
| 300 ## - PHYSICAL DESCRIPTION | |
| Extent | 232 pages : |
| Dimensions | 22 cm. |
| 504 ## - BIBLIOGRAPHY, ETC. NOTE | |
| Bibliography, etc | Includes Index. |
| 650 ## - SUBJECT ADDED ENTRY--TOPICAL TERM | |
| Topical term or geographic name as entry element | Business |
| General subdivision | Investing |
No items available.